Statystyki dla Ciekawostki quiz #5 - Najpopularniejsze sporty na świecie

Kliknij tutaj aby rozwiązać quiz!

Ogólne statystyki

  • Ten quiz został rozwiązany 79 razy
  • Średni wynik to 7 z 10

Statystyki odpowiedzi

MarkaLiczba fanów% Poprawnych
Piłka nożna4 miliardy
100%
Koszykówka825 milionów
95%
Siatkówka900 milionów
91%
Tenis1 miliard
83%
Hokej na trawie2 miliardy
67%
Rugby475 milionów
63%
Krykiet2,5 miliarda
55%
Baseball500 milionów
52%
Golf450 milionów
48%
Tenis stołowy875 milionów
38%

Rozkład punktacji

Percentyl według liczby udzielonych odpowiedzi

Procent ludzi z każdym wynikiem

Twoja historia wyników

Nie rozwiązałeś tego quizu